Simfoničeskije variacii izd. dlja violončeli i fortep'jano /

Hlavní autor: Boëllmann, Léon, 1862-1897
Jazyk: Nelze použít, není lingvistický obsah
Vydáno: Moskva : Muzgiz, 1958
Fyzický popis: 10, 36 s.
Hudebniny Hudebniny
Uloženo v:
LEADER 00687ncm a22001932a 4500
001 000410827
003 CZ BrMZK
005 20130809144056.0
008 990305s1958 ru f zxx d
040 |a BOA001  |b cze 
072 7 |a 787  |x Hudba pro strunné a smyčcové nástroje  |2 Konspekt  |9 9 
100 1 |a Boëllmann, Léon,  |d 1862-1897  |7 xx0012062  |4 cmp 
245 1 0 |a Simfoničeskije variacii  |h [hudebnina] :  |b izd. dlja violončeli i fortep'jano /  |c Léon Boëllmann 
260 |a Moskva :  |b Muzgiz,  |c 1958 
300 |a 10, 36 s. 
910 |a BOA001  |b Mus4-0397.826 
990 |a MU 
991 |b 201205 
996 6 |b 2619770533  |c Mus4-0397.826  |l MZK  |r Sklad / do 1 hodiny  |n 2  |w 000410827  |u 000010  |a 1  |e BOA001  |j MZK50  |s P